000 00686nam a2200301Ia 4500
005 20260401122230.0
008 008 250103s9999 xx 000 0 eng d
020 _a198183399
037 _aTB
040 _aEDL
040 _beng
040 _cEDL
041 _2eng
041 _aeng
084 _a891.1 SET
084 _qEDL
100 _aSethi, Rumina
_9998116
245 0 _aMyths of the Nation: National Identity and Literary Representation
245 0 _cSethi, Rumina
260 _aOxford
260 _bClarendon Press
260 _c1999
300 _a221p
942 _cTB
942 _h891.1 SET
999 _c1845837
_d1845837